Quantitative methods in construction management (Record no. 546198)

000 -LEADER
fixed length control field 00505pam a2200157 4500
020 ## - INTERNATIONAL STANDARD BOOK NUMBER
International Standard Book Number 0444001344
082 00 - DEWEY DECIMAL CLASSIFICATION NUMBER
Classification number 624.0685
Author Mark ADR
-- L-14, P-116
100 1# - MAIN ENTRY--PERSONAL NAME
Personal name Adrian, James J.
9 (RLIN) 42282
245 10 - TITLE STATEMENT
Title Quantitative methods in construction management
Statement of responsibility, etc. [by] James J. Adrian.
260 ## - PUBLICATION, DISTRIBUTION, ETC.
Place of publication, distribution, etc. New York,
Name of publisher, distributor, etc. American Elsevier Pub. Co.
Date of publication, distribution, etc. [1973]
300 ## - PHYSICAL DESCRIPTION
Extent xv, 491 p.
Other physical details illus.
Dimensions 24 cm.
526 ## - STUDY PROGRAM INFORMATION NOTE
Program name 0
Interest level 0
Reading level 0
Title point value 624_068500000000000_ADR
650 #0 - SUBJECT ADDED ENTRY--TOPICAL TERM
Topical term or geographic name entry element Contractors' operations.
9 (RLIN) 25445
650 #0 - SUBJECT ADDED ENTRY--TOPICAL TERM
Topical term or geographic name entry element MCE
9 (RLIN) 379
942 ## - ADDED ENTRY ELEMENTS (KOHA)
Source of classification or shelving scheme
Koha item type Book
Holdings
Withdrawn status Lost status Source of classification or shelving scheme Damaged status Not for loan Permanent Location Current Location Date acquired Total Checkouts Full call number Barcode Date last seen Date last checked out Price effective from Koha item type
          Military College of Engineering (MCE) Military College of Engineering (MCE) 06/04/2014 1 624.0685 ADR MCE-5531 11/10/2014 11/10/2014 06/04/2014 Book
© 2023 Central Library, National University of Sciences and Technology. All Rights Reserved.